Filosofía de la ciencia

Na minha lista:
Detalhes bibliográficos
Autor principal: Nidditch, P. H. (autor)
Formato: Livro
Idioma:espanhol
Publicado em: Ciudad de México Fondo de Cultura Económica 1975
coleção:Breviarios del Fondo de Cultura Económica, 254
Assuntos:
Tags: Adicionar Tag
Sem tags, seja o primeiro a adicionar uma tag!

MARC

LEADER 00000nam a2200000 a 4500
001 UCZ2618
003 CL-VaPUC
008 951005e19750000MX |||||||||||||||||spa|d
082 0 4 |a 501  |b NID  |2 21 
100 |a Nidditch, P. H.  |e autor  |9 332547 
245 1 0 |a Filosofía de la ciencia 
300 |a 324 p 
942 |c BK 
945 |d 19951005 00:00:00  |a cmena 
260 |a Ciudad de México  |b Fondo de Cultura Económica  |c 1975 
650 0 |a Filosofía de las ciencias  |9 256466 
650 0 |a Empirismo  |9 255037 
650 0 |a Ciencia  |9 255691 
650 0 |a Metodología   |9 256610 
650 0 |a Lógica  |9 256849 
583 |a last modification  |c 19951005 00:00:00  |k Rodrigo Vera 
490 0 |a Breviarios del Fondo de Cultura Económica, 254 
999 |c 239186  |d 239184 
952 |0 0  |1 0  |4 0  |6 501_000000000000000_NID_1975  |7 0  |8 P  |9 250083  |a BIBEDU  |b BIBEDU  |c BIBEDU_PB  |d 2019-11-18  |i 1568833  |o 501 NID 1975  |p 1568833  |r 2024-01-25  |w 2019-11-18  |y BK  |k FIL